000 00604nam a2200217 a 4500
008 951205s1987||||[C 0 slo c
020 _c32
040 _aSNK
_bslo
_cSNK
_eAACR2
041 1 _aslo
_hslo
044 _axo
_cSK
080 _a885.4-3
080 _a875-3
100 1 _aLenčo, Ján
_4aut
245 1 0 _aOdyseus, bronz a krv
_cJán Lenčo ; Fedor Kiš
260 _aBratislava
_bTatran
_c1987
_eBanská Bystrica
_fTlačiarne SNP
300 _c21 cm
490 0 _aMeteor
_vZv. 98.
500 _aRozlož. ilustr. tit. list. Ilustr. na predsádkach.
700 1 _aKiš, Fedor
_4bkd
958 _aA
999 _c12123
_d12123